jonathans favourite sota drinks - Statistics

General Stats
  • This quiz has been taken 15 times
  • The average score is 4 of 6
Answer Stats
Answer % Correct
coke
92%
fanta
83%
pepsi
83%
7 up
75%
ginger ail
25%
dr pepar
8%
No matching quizzes found
Score Distribution
Percent of People with Each Score
Percentile by Number Answered
Your Score History
You have not taken this quiz